[Event "EU-ch Seniors 07th"]
[Site "Hockenheim"]
[Date "2007.06.10"]
[Round "9"]
[White "Ellinger, Hans"]
[Black "Gonzalo Gonzalez, Francisco"]
[Result "1-0"]
[WhiteElo "2115"]
[BlackElo "1914"]
[PlyCount "88"]
[EventDate "2007.06.02"]
[EventType "swiss"]
[EventRounds "9"]
[EventCountry "GER"]
[SourceTitle "CBM 118 Extra"]
[Source "ChessBase"]
[SourceDate "2007.07.04"]
[SourceVersion "1"]
[SourceVersionDate "2007.07.04"]
[SourceQuality "1"]

1. d4 e5 2. dxe5 Nc6 3. Nf3 Qe7 4. Qd5 f6 5. exf6 Nxf6 6. Qb3 d5 7. Bf4 Qb4+ 8. Qxb4 Nxb4 9. Na3 Bf5 10. Nd4 Bg6 11. c3 c5 12. Ne6 Na6 13. e4 Kf7 14. Ng5+ Kg8 15. 0-0-0 h6 16. Nh3 Bxe4 17. f3 Bg6 18. Nb5 c4 19. Be3 b6 20. g3 Bc5 21. Bxc5 Nxc5 22. Nf2 Kh7 23. Nd4 Rhe8 24. b4 Na4 25. Kd2 a5 26. b5 Ra7 27. Nc6 Rd7 28. Bh3 Rd6 29. Rde1 Bh5 30. Nd4 Bg6 31. Rxe8 Bxe8 32. Re1 Bd7 33. Bxd7 Rxd7 34. Re6 h5 35. Nh3 Kh6 36. Nf4 Rf7 37. Nxd5 Kh7 38. Nxb6 Nxb6 39. Rxb6 g5 40. Rc6 g4 41. f4 Ne4+ 42. Ke3 Nf2 43. Rxc4 Nh3 44. b6 Nxf4 1-0

[Event "EU-ch Seniors 07th"]
[Site "Hockenheim"]
[Date "2007.06.09"]
[Round "8"]
[White "Thieme, Hans"]
[Black "Ellinger, Hans"]
[Result "1-0"]
[WhiteElo "2055"]
[BlackElo "2115"]
[PlyCount "51"]
[EventDate "2007.06.02"]
[EventType "swiss"]
[EventRounds "9"]
[EventCountry "GER"]
[SourceTitle "CBM 118 Extra"]
[Source "ChessBase"]
[SourceDate "2007.07.04"]
[SourceVersion "1"]
[SourceVersionDate "2007.07.04"]
[SourceQuality "1"]

1. e4 e6 2. d4 d5 3. Nc3 Bb4 4. Bd2 dxe4 5. Qg4 Qxd4 6. Nf3 h5 7. Qf4 Qd6 8. Qxe4 Nf6 9. Qh4 Nbd7 10. 0-0-0 Qb6 11. Bc4 Ng4 12. Ne4 Bxd2+ 13. Rxd2 Qb4 14. Rd4 Qe7 15. Neg5 Nb6 16. Rxg4 Bd7 17. Re1 0-0-0 18. Rge4 Nxc4 19. Rxc4 g6 20. Qf4 Bb5 21. Rc3 Rhe8 22. Nd4 Rxd4 23. Qxd4 Qxg5+ 24. Kb1 b6 25. Rd1 Qxg2 26. Qd6 1-0

[Event "EU-ch Seniors 07th"]
[Site "Hockenheim"]
[Date "2007.06.07"]
[Round "6"]
[White "Amrehn, Fred"]
[Black "Ellinger, Hans"]
[Result "1-0"]
[WhiteElo "2185"]
[BlackElo "2115"]
[PlyCount "93"]
[EventDate "2007.06.02"]
[EventType "swiss"]
[EventRounds "9"]
[EventCountry "GER"]
[SourceTitle "CBM 118 Extra"]
[Source "ChessBase"]
[SourceDate "2007.07.04"]
[SourceVersion "1"]
[SourceVersionDate "2007.07.04"]
[SourceQuality "1"]

1. d4 d5 2. Nf3 Nc6 3. g3 Bg4 4. Bg2 e6 5. 0-0 Nf6 6. b3 Be7 7. Bb2 0-0 8. c4 Bxf3 9. Bxf3 Qd7 10. e3 Rad8 11. Nd2 Bb4 12. a3 Bxd2 13. Qxd2 Ne4 14. Qc2 f5 15. Bg2 Ne7 16. f3 Nf6 17. Rad1 c6 18. b4 Qe8 19. a4 Rc8 20. c5 Qh5 21. b5 g5 22. Qb3 Rb8 23. e4 Qg6 24. exf5 exf5 25. Rde1 Qf7 26. Qe3 Ng6 27. Qxg5 cxb5 28. axb5 Qd7 29. Bc1 Qxb5 30. Qxf5 Qc4 31. Be3 a5 32. Rc1 Qb4 33. Rb1 Qc3 34. Bf2 Kg7 35. f4 Ne4 36. Qxd5 Nxf2 37. Rxf2 Qe3 38. Rxb7+ Rxb7 39. Qxb7+ Rf7 40. Qe4 Qc3 41. f5 Nf8 42. Qg4+ Kh8 43. Bd5 Rg7 44. Qh4 Qe1+ 45. Kg2 Qe8 46. f6 Ra7 47. f7 1-0

[Event "EU-ch Seniors 07th"]
[Site "Hockenheim"]
[Date "2007.06.05"]
[Round "4"]
[White "Ortega Morales, Pedro"]
[Black "Ellinger, Hans"]
[Result "0-1"]
[WhiteElo "1959"]
[BlackElo "2115"]
[PlyCount "108"]
[EventDate "2007.06.02"]
[EventType "swiss"]
[EventRounds "9"]
[EventCountry "GER"]
[SourceTitle "CBM 118 Extra"]
[Source "ChessBase"]
[SourceDate "2007.07.04"]
[SourceVersion "1"]
[SourceVersionDate "2007.07.04"]
[SourceQuality "1"]

1. d4 d5 2. Bf4 Nf6 3. e3 e6 4. Nf3 Bd6 5. Nbd2 Bxf4 6. exf4 0-0 7. Bd3 c5 8. c3 cxd4 9. Nxd4 Nbd7 10. N2f3 Nc5 11. Bc2 Qb6 12. Rb1 Qa6 13. a3 Bd7 14. Qe2 Qxe2+ 15. Kxe2 Nh5 16. g3 f6 17. Rhe1 g6 18. Kf1 Rae8 19. Re3 Re7 20. Rbe1 Rfe8 21. b4 Na6 22. Bb3 Nc7 23. f5 e5 24. fxg6 hxg6 25. c4 Kf8 26. Nh4 Rg7 27. Ndf3 d4 28. R3e2 g5 29. Ng2 Bg4 30. Nd2 Bxe2+ 31. Rxe2 Rd8 32. Ne4 f5 33. Nc5 b6 34. Nb7 Rdd7 35. c5 Ne8 36. Nd6 Nxd6 37. cxd6 e4 38. Be6 Rxd6 39. Bxf5 Nf6 40. Rc2 Re7 41. h4 gxh4 42. Nxh4 Kg7 43. Bh3 Rd5 44. Nf5+ Rxf5 45. Bxf5 Nd5 46. Rd2 d3 47. g4 Nf4 48. Kg1 Kf6 49. a4 Ke5 50. a5 bxa5 51. bxa5 Kd4 52. a6 Kc3 53. Rd1 d2 54. Ra1 Kb2 0-1

[Event "Illertissen op"]
[Site "Illertissen"]
[Date "2005.08.29"]
[Round "3"]
[White "Herz, Thomas"]
[Black "Ellinger, Hans"]
[Result "1/2-1/2"]
[WhiteElo "2097"]
[BlackElo "2180"]
[PlyCount "51"]
[EventDate "2005.08.27"]
[EventType "swiss"]
[EventRounds "9"]
[EventCountry "GER"]
[SourceTitle "CBM 108 Extra"]
[Source "ChessBase"]
[SourceDate "2005.11.04"]
[SourceVersion "1"]
[SourceVersionDate "2005.11.04"]
[SourceQuality "1"]

1. e4 e6 2. d4 d5 3. Nc3 Bb4 4. e5 c5 5. Bd2 Nc6 6. Nb5 Bxd2+ 7. Qxd2 Nxd4 8. Nxd4 cxd4 9. Nf3 Bd7 10. Nxd4 Ne7 11. Bd3 Nc6 12. Nxc6 Bxc6 13. 0-0 f5 14. b4 0-0 15. a4 a5 16. b5 Be8 17. f4 Rc8 18. Kh1 Bh5 19. Qf2 b6 20. h3 Rc5 21. Rg1 Qe8 22. Rae1 Qf7 23. g3 Bg6 24. Rg2 Rfc8 25. Reg1 R8c7 26. Qd4 1/2-1/2

[Event "Illertissen op"]
[Site "Illertissen"]
[Date "2005.08.27"]
[Round "1"]
[White "Anistratov, Dmitrij"]
[Black "Ellinger, Hans"]
[Result "1/2-1/2"]
[WhiteElo "2317"]
[BlackElo "2180"]
[PlyCount "82"]
[EventDate "2005.08.27"]
[EventType "swiss"]
[EventRounds "9"]
[EventCountry "GER"]
[SourceTitle "CBM 108 Extra"]
[Source "ChessBase"]
[SourceDate "2005.11.04"]
[SourceVersion "1"]
[SourceVersionDate "2005.11.04"]
[SourceQuality "1"]

1. e4 e6 2. d4 d5 3. Nc3 Bb4 4. Bd3 dxe4 5. Bxe4 Nf6 6. Bf3 c5 7. Nge2 Nc6 8. a3 Bxc3+ 9. bxc3 0-0 10. 0-0 Qa5 11. a4 Rd8 12. Bg5 Ne5 13. Be4 Ned7 14. Bd3 cxd4 15. Bd2 dxc3 16. Nxc3 Qc5 17. Nb5 b6 18. Qb1 Bb7 19. Bb4 Qg5 20. f3 Nc5 21. Rf2 Nxd3 22. cxd3 Nd5 23. Bd2 Qf6 24. Na3 Ba6 25. Nb5 Bb7 26. Ra3 Qe7 27. Rb3 Rdc8 28. d4 Rc4 29. a5 a6 30. Na3 Ra4 31. Nc2 Rc8 32. axb6 Rac4 33. Ne3 Rxd4 34. Nxd5 Rxd5 35. Bf4 e5 36. Be3 Qd6 37. Rf1 Rd8 38. h3 h6 39. Qb2 f6 40. Rc1 Rd1+ 41. Rxd1 Qxd1+ 1/2-1/2

[Event "Bad Bevensen Seniors op 8th"]
[Site "Bad Bevensen"]
[Date "2005.07.03"]
[Round "9"]
[White "Ellinger, Hans"]
[Black "Perk, Egbert"]
[Result "1-0"]
[WhiteElo "2180"]
[BlackElo "1987"]
[PlyCount "69"]
[EventDate "2005.06.25"]
[EventType "swiss"]
[EventRounds "9"]
[EventCountry "GER"]
[SourceTitle "EXT 2007"]
[Source "ChessBase"]
[SourceDate "2006.11.23"]
[SourceVersion "1"]
[SourceVersionDate "2006.11.23"]
[SourceQuality "1"]

1. d4 d5 2. Nf3 Nf6 3. Bg5 Nbd7 4. Nbd2 c6 5. c3 e6 6. e4 dxe4 7. Nxe4 Be7 8. Bd3 Nxe4 9. Bxe7 Qxe7 10. Bxe4 Nf6 11. Bc2 Bd7 12. Qe2 Rd8 13. 0-0 0-0 14. c4 Bc8 15. Rad1 Rfe8 16. Rfe1 Qc7 17. Qe3 b6 18. b4 b5 19. Ne5 bxc4 20. Nxc4 Nd5 21. Qh3 f5 22. a3 g6 23. Bb3 Re7 24. Ne5 Qb6 25. Rc1 Bb7 26. Rc5 Kg7 27. Qh4 Rde8 28. Rec1 Qa6 29. Nc4 Bc8 30. Ra5 Qb7 31. Nd6 Qd7 32. Nxe8+ Rxe8 33. Bxd5 exd5 34. Qf4 Re4 35. Qb8 1-0

[Event "Lipperland Seniors op 4th"]
[Site "Doerentrup"]
[Date "2005.06.03"]
[Round "9.1"]
[White "Karl, Hans"]
[Black "Ellinger, Hans"]
[Result "1/2-1/2"]
[WhiteElo "2294"]
[BlackElo "2180"]
[PlyCount "26"]
[EventDate "2005.05.26"]
[EventType "swiss"]
[EventRounds "9"]
[EventCountry "GER"]
[SourceTitle "EXT 2006"]
[Source "ChessBase"]
[SourceDate "2005.11.24"]
[SourceVersion "1"]
[SourceVersionDate "2005.11.24"]
[SourceQuality "1"]

1. d4 Nf6 2. c4 e6 3. Nc3 d5 4. Nf3 Be7 5. Bg5 0-0 6. e3 h6 7. Bh4 b6 8. cxd5 Nxd5 9. Bxe7 Qxe7 10. Bd3 Nxc3 11. bxc3 Bb7 12. Qe2 c5 13. 0-0 Rd8 1/2-1/2

[Event "Lipperland Seniors op 4th"]
[Site "Doerentrup"]
[Date "2005.05.26"]
[Round "1.3"]
[White "Ellinger, Hans"]
[Black "Josting, Friedel"]
[Result "1-0"]
[WhiteElo "2180"]
[BlackElo "2018"]
[PlyCount "91"]
[EventDate "2005.05.26"]
[EventType "swiss"]
[EventRounds "9"]
[EventCountry "GER"]
[SourceTitle "EXT 2006"]
[Source "ChessBase"]
[SourceDate "2005.11.24"]
[SourceVersion "1"]
[SourceVersionDate "2005.11.24"]
[SourceQuality "1"]

1. d4 Nf6 2. Nf3 e6 3. Bg5 Be7 4. Nbd2 d5 5. e3 c5 6. c3 Nc6 7. Bd3 Qc7 8. 0-0 Bd7 9. c4 cxd4 10. cxd5 Nxd5 11. Bxe7 Ndxe7 12. exd4 Qf4 13. Ne4 Rd8 14. g3 Qb8 15. Nfg5 h6 16. Qh5 Ng6 17. Nf3 Nb4 18. Nf6+ gxf6 19. Bxg6 Rf8 20. Be4 Rh8 21. a3 Bc6 22. Bxc6+ Nxc6 23. Qh4 Ke7 24. Rad1 Rd5 25. Rfe1 Qd6 26. Kg2 Rf5 27. Qe4 Qd5 28. Qxd5 Rxd5 29. Re2 Rhd8 30. Red2 Kf8 31. Kf1 Kg7 32. Ke2 Kg6 33. Ke3 Na5 34. Rc2 R8d7 35. Rd3 Nc6 36. Rcd2 Na5 37. Rc3 Nc6 38. Nh4+ Kh5 39. Nf3 Kg4 40. Rc4 Na5 41. Rc8 b5 42. h3+ Kxh3 43. Rd1 Nc4+ 44. Ke2 Kg4 45. Rg8+ Kf5 46. Nh4+ 1-0

[Event "GER-chA Seniors 16th"]
[Site "Templin"]
[Date "2004.09.06"]
[Round "3"]
[White "Habermann, Arno"]
[Black "Ellinger, Hans"]
[Result "1/2-1/2"]
[WhiteElo "2045"]
[BlackElo "2191"]
[PlyCount "101"]
[EventDate "2004.09.04"]
[EventType "swiss"]
[EventRounds "9"]
[EventCountry "GER"]
[SourceTitle "EXT 2005"]
[Source "ChessBase"]
[SourceDate "2004.11.15"]
[SourceVersion "1"]
[SourceVersionDate "2004.11.15"]
[SourceQuality "1"]

1. e4 e6 2. d4 d5 3. Nc3 Bb4 4. e5 c5 5. a3 Ba5 6. b4 cxd4 7. Nb5 Bc7 8. Nf3 Nc6 9. Nxc7+ Qxc7 10. Bb5 Nge7 11. 0-0 Bd7 12. Bxc6 Nxc6 13. Re1 0-0 14. Bb2 Rac8 15. Rc1 a6 16. Qd3 Qd8 17. Nxd4 Ne7 18. Re3 Ng6 19. Qe2 Rc4 20. Qh5 Qh4 21. Qxh4 Nxh4 22. g3 Ng6 23. f4 Rfc8 24. c3 Ne7 25. Nb3 Nf5 26. Ree1 b6 27. Nd2 R4c7 28. Nf3 h6 29. Kf2 Ne7 30. Rcd1 g6 31. Nd4 Rc4 32. Nf3 R8c7 33. Rd4 Bb5 34. Rxc4 Bxc4 35. Nd4 Bd3 36. Ke3 Bf5 37. a4 Rc4 38. Rc1 Bg4 39. Ba3 Nf5+ 40. Kd3 Nxd4 41. cxd4 Bf5+ 42. Ke3 b5 43. axb5 axb5 44. Rxc4 dxc4 45. Bb2 Kf8 46. Bc3 Ke7 47. h4 Kd7 48. Kf3 h5 49. Ke3 Kc6 50. Be1 Kd5 51. Bc3 1/2-1/2

[Event "GER-chA Seniors 16th"]
[Site "Templin"]
[Date "2004.09.05"]
[Round "2"]
[White "Ellinger, Hans"]
[Black "Schoene, Armin"]
[Result "0-1"]
[WhiteElo "2191"]
[BlackElo "2057"]
[PlyCount "54"]
[EventDate "2004.09.04"]
[EventType "swiss"]
[EventRounds "9"]
[EventCountry "GER"]
[SourceTitle "EXT 2005"]
[Source "ChessBase"]
[SourceDate "2004.11.15"]
[SourceVersion "1"]
[SourceVersionDate "2004.11.15"]
[SourceQuality "1"]

1. d4 f5 2. g3 Nf6 3. Bg2 g6 4. Nh3 Bg7 5. Nf4 0-0 6. h4 d6 7. d5 c6 8. c4 e5 9. dxe6 Na6 10. h5 Nxh5 11. Nxh5 gxh5 12. Qc2 Bxe6 13. Bf4 d5 14. Nd2 dxc4 15. Nxc4 Qd4 16. Rc1 b5 17. Na5 Nb4 18. Qc5 Qxc5 19. Rxc5 Bd4 20. Rc1 Bxb2 21. Rb1 Bc3+ 22. Kf1 Bxa2 23. Rc1 Bb2 24. Rd1 Rad8 25. Rxd8 Rxd8 26. Bxc6 Nxc6 27. Nxc6 Rd1+ 0-1

[Event "GER-chA Seniors 16th"]
[Site "Templin"]
[Date "2004.09.04"]
[Round "1"]
[White "Wulf, Adalbert"]
[Black "Ellinger, Hans"]
[Result "0-1"]
[WhiteElo "2007"]
[BlackElo "2191"]
[PlyCount "94"]
[EventDate "2004.09.04"]
[EventType "swiss"]
[EventRounds "9"]
[EventCountry "GER"]
[SourceTitle "EXT 2005"]
[Source "ChessBase"]
[SourceDate "2004.11.15"]
[SourceVersion "1"]
[SourceVersionDate "2004.11.15"]
[SourceQuality "1"]

1. d4 d5 2. Nf3 Nc6 3. Bf4 Bg4 4. e3 e6 5. Be2 Bd6 6. c3 Nf6 7. Nbd2 0-0 8. 0-0 a5 9. Re1 Ne7 10. Ne5 Bf5 11. Nd3 Ng6 12. Bg3 Nd7 13. Rc1 Bxg3 14. hxg3 e5 15. dxe5 Bxd3 16. Bxd3 Ngxe5 17. Nf3 Nxd3 18. Qxd3 Nf6 19. c4 c6 20. cxd5 Qxd5 21. Qxd5 Nxd5 22. a3 Rfd8 23. Rc2 h6 24. Rec1 Nf6 25. Kf1 Kf8 26. Ke2 Rd5 27. Nd2 Nd7 28. Ne4 Rd8 29. Nc3 Rd6 30. Ne4 Rd5 31. Nc3 Rd6 32. Ne4 Re6 33. Nc5 Nxc5 34. Rxc5 Ra8 35. Rd1 Ke7 36. Rdc1 Kd6 37. R1c2 Kc7 38. Rd2 b6 39. Rc4 Rd8 40. Rxd8 Kxd8 41. Kd2 Kd7 42. g4 b5 43. Rc3 Rg6 44. f3 h5 45. g3 hxg4 46. f4 Rh6 47. e4 Rh2+ 0-1

[Event "Wuerttemberg-ch Seniors 16th"]
[Site "Freudenstadt"]
[Date "2004.05.08"]
[Round "7"]
[White "Reimann, Guenther"]
[Black "Ellinger, Hans"]
[Result "1/2-1/2"]
[WhiteElo "2057"]
[BlackElo "2212"]
[PlyCount "76"]
[EventDate "2004.05.02"]
[EventType "swiss"]
[EventRounds "9"]
[EventCountry "GER"]
[SourceTitle "EXT 2006"]
[Source "ChessBase"]
[SourceDate "2005.11.24"]
[SourceVersion "1"]
[SourceVersionDate "2005.11.24"]
[SourceQuality "1"]

1. c4 e5 2. d3 Nf6 3. Nf3 Nc6 4. g3 d5 5. cxd5 Nxd5 6. Bg2 Be7 7. Nbd2 Nb6 8. b3 f5 9. Bb2 Bf6 10. Rc1 Qe7 11. 0-0 0-0 12. a3 Be6 13. b4 a6 14. Qc2 Qf7 15. Nc4 Nxc4 16. dxc4 e4 17. Nd2 Bxb2 18. Qxb2 Rad8 19. Rfe1 Rd7 20. Nb3 Rfd8 21. Qc3 b6 22. f3 f4 23. fxe4 fxg3 24. hxg3 Qh5 25. Bf3 Qe5 26. Kf2 Qg5 27. Rh1 Ne5 28. Rh4 Bxc4 29. Rch1 h6 30. Rh5 Ng4+ 31. Bxg4 Qxg4 32. Qxc4+ Rf7+ 33. Rf5 Rdf8 34. Rh4 Qg6 35. Rhf4 b5 36. Qd5 c6 37. Rxf7 cxd5 38. Rxf8+ Kh7 1/2-1/2

[Event "Wuerttemberg-ch Seniors 16th"]
[Site "Freudenstadt"]
[Date "2004.05.03"]
[Round "2"]
[White "Ellinger, Hans"]
[Black "Patzer, Joachim"]
[Result "0-1"]
[WhiteElo "2212"]
[BlackElo "2020"]
[PlyCount "84"]
[EventDate "2004.05.02"]
[EventType "swiss"]
[EventRounds "9"]
[EventCountry "GER"]
[SourceTitle "EXT 2006"]
[Source "ChessBase"]
[SourceDate "2005.11.24"]
[SourceVersion "1"]
[SourceVersionDate "2005.11.24"]
[SourceQuality "1"]

1. d4 Nf6 2. Nf3 g6 3. Bg5 Bg7 4. Nbd2 d5 5. e3 0-0 6. Bd3 Bg4 7. c3 Nbd7 8. Qb3 b6 9. 0-0 c5 10. Ba6 Qc7 11. Bf4 Qc6 12. c4 e6 13. Rac1 Nh5 14. Bb5 Qb7 15. Bd6 Rfd8 16. Qa4 Nb8 17. Bxb8 Raxb8 18. h3 Bxf3 19. Nxf3 dxc4 20. Qxc4 cxd4 21. Nxd4 Bxd4 22. Bc6 b5 23. Qxd4 Rxd4 24. Bxb7 Rd2 25. Bf3 Rxb2 26. Bxh5 gxh5 27. a3 Rb3 28. Ra1 Rc8 29. Rfb1 Rcc3 30. Kf1 a6 31. Rxb3 Rxb3 32. Ra2 a5 33. Ke2 Kg7 34. Kf3 f5 35. Ke2 e5 36. Kd2 a4 37. Kc2 Kf6 38. Rb2 Rxb2+ 39. Kxb2 Ke6 40. Kc3 Kd5 41. Kb4 Kc6 42. g3 e4 0-1

[Event "Oberliga Wuerttemberg 0304"]
[Site "Wuerttemberg"]
[Date "2003.11.16"]
[Round "3.6"]
[White "Reinhardt, Bernd"]
[Black "Ellinger, Hans"]
[Result "1-0"]
[WhiteElo "2200"]
[BlackElo "2211"]
[PlyCount "71"]
[EventDate "2003.09.28"]
[EventType "team"]
[EventRounds "9"]
[EventCountry "GER"]
[SourceTitle "EXT 2006"]
[Source "ChessBase"]
[SourceDate "2005.11.24"]
[SourceVersion "1"]
[SourceVersionDate "2005.11.24"]
[SourceQuality "1"]
[WhiteTeam "Stuttgart II"]
[BlackTeam "Tuebingen"]
[WhiteTeamCountry "GER"]
[BlackTeamCountry "GER"]

1. c4 e5 2. Nc3 Nf6 3. g3 Bc5 4. Bg2 0-0 5. Nf3 e4 6. Ng5 Bxf2+ 7. Kxf2 Ng4+ 8. Kg1 Qxg5 9. Nxe4 Qf5 10. h3 Ne5 11. b3 d6 12. d4 Nec6 13. Kh2 Qg6 14. Rf1 Nd7 15. Ng5 Nf6 16. Nf3 Re8 17. Nh4 Qh5 18. Bf3 Qa5 19. Bb2 Qg5 20. Bc1 Qa5 21. Qd3 Nb4 22. Qb1 Nc6 23. Qd3 Nb4 24. Qc3 Nc6 25. Qb2 Bd7 26. Bd2 Qb6 27. Bc3 Re7 28. b4 a5 29. b5 Na7 30. d5 Qe3 31. Bd4 Qg5 32. b6 cxb6 33. Qxb6 Rae8 34. Qxa7 Rxe2+ 35. Bxe2 Rxe2+ 36. Rf2 1-0

[Event "GER-chT Seniors 12th"]
[Site "Finsterbergen"]
[Date "2003.08.14"]
[Round "5.2"]
[White "Tchetchelnitski, Boris"]
[Black "Ellinger, Hans"]
[Result "1-0"]
[WhiteElo "2230"]
[BlackElo "2211"]
[PlyCount "87"]
[EventDate "2003.08.10"]
[EventType "team"]
[EventRounds "7"]
[EventCountry "GER"]
[SourceTitle "EXT 2012"]
[Source "ChessBase"]
[SourceDate "2011.11.24"]
[SourceVersion "1"]
[SourceVersionDate "2011.11.24"]
[SourceQuality "1"]
[WhiteTeam "Bremen"]
[BlackTeam "Wuerttemberg II"]
[WhiteTeamCountry "GER"]
[BlackTeamCountry "GER"]

1. g3 d5 2. Nf3 Nc6 3. d4 Bg4 4. Bg2 e6 5. 0-0 Nf6 6. c4 Bd6 7. cxd5 Nxd5 8. Nc3 0-0 9. e4 Nb6 10. a4 a5 11. Nb5 Nb4 12. Qb3 Bxf3 13. Bxf3 e5 14. Be3 Nd7 15. Bg2 Qe7 16. Rac1 Rac8 17. Qd1 Na2 18. Rc2 Nb4 19. Rd2 Rcd8 20. Qe2 Rfe8 21. Rc1 Na2 22. Rcd1 Nb4 23. b3 Nf6 24. f3 exd4 25. Bxd4 Be5 26. Qc4 Bxd4+ 27. Rxd4 Rxd4 28. Rxd4 c6 29. Nd6 Rf8 30. Nf5 Qc7 31. Qe2 h6 32. Qd2 Qb6 33. Ne3 Re8 34. Kh1 Qc5 35. Bf1 Qh5 36. Kg2 Qc5 37. Nf5 Qb6 38. Bc4 Rf8 39. Rd6 Ne8 40. Nxh6+ Kh7 41. Nxf7 Nxd6 42. Qxd6 Re8 43. Ng5+ Kh8 44. Qg6 1-0

[Event "Lipperland Seniors op 2nd"]
[Site "Doerentrup"]
[Date "2003.06.01"]
[Round "4.3"]
[White "Kreie, Guenther"]
[Black "Ellinger, Hans"]
[Result "0-1"]
[WhiteElo "1749"]
[BlackElo "1998"]
[PlyCount "68"]
[EventDate "2003.05.30"]
[EventType "swiss"]
[EventRounds "9"]
[EventCountry "GER"]
[SourceTitle "EXT 2004"]
[Source "ChessBase"]
[SourceDate "2003.11.25"]
[SourceVersion "1"]
[SourceVersionDate "2003.11.25"]
[SourceQuality "1"]

1. e4 e6 2. d4 d5 3. Nd2 Nf6 4. e5 Nfd7 5. Bd3 c5 6. c3 Nc6 7. Ne2 cxd4 8. cxd4 f6 9. exf6 Nxf6 10. Nf3 Bd6 11. 0-0 0-0 12. Bf4 Bxf4 13. Nxf4 Ne4 14. Ne2 Rxf3 15. gxf3 Ng5 16. Ng3 Nxd4 17. f4 Ngf3+ 18. Kg2 Qh4 19. Rh1 Qxf4 20. Be2 Nh4+ 21. Kf1 e5 22. h3 Bd7 23. Nh5 Qe4 24. Ng3 Qg2+ 25. Ke1 Rf8 26. Rf1 Nhf3+ 27. Bxf3 Nxf3+ 28. Ke2 Bb5+ 29. Ke3 d4+ 30. Ke4 Bxf1 31. Qb3+ Kh8 32. Qb4 Nd2+ 33. Kxe5 Qxf2 34. Qe7 Qxg3+ 0-1

[Event "Lipperland Seniors op 2nd"]
[Site "Doerentrup"]
[Date "2003.05.31"]
[Round "2.4"]
[White "Weber, Gerhard"]
[Black "Ellinger, Hans"]
[Result "0-1"]
[WhiteElo "1853"]
[BlackElo "1998"]
[PlyCount "92"]
[EventDate "2003.05.30"]
[EventType "swiss"]
[EventRounds "9"]
[EventCountry "GER"]
[SourceTitle "EXT 2004"]
[Source "ChessBase"]
[SourceDate "2003.11.25"]
[SourceVersion "1"]
[SourceVersionDate "2003.11.25"]
[SourceQuality "1"]

1. e4 e6 2. d4 d5 3. Nd2 Nf6 4. e5 Nfd7 5. Bd3 c5 6. c3 Nc6 7. Ne2 cxd4 8. cxd4 f6 9. exf6 Nxf6 10. 0-0 Bd6 11. Nf3 0-0 12. Bf4 Bxf4 13. Nxf4 Ne4 14. Nh5 g6 15. Ng3 Nxg3 16. hxg3 Qb6 17. Bc2 Qxb2 18. Rb1 Qa3 19. Rb3 Qd6 20. Re1 Na5 21. Rbe3 Nc4 22. R3e2 Bd7 23. Qc1 Kg7 24. Nh2 h6 25. Ng4 Rh8 26. Bb1 Raf8 27. Qc2 Rf5 28. Ne3 Nxe3 29. Rxe3 Rf6 30. Rc3 Bc6 31. Rce3 Rc8 32. Rf3 Rcf8 33. Ree3 Qb4 34. Rf4 Qd6 35. Re5 Qd7 36. Rg4 Qf7 37. f3 Rc8 38. Qd2 a6 39. Rh5 Rh8 40. Qc2 Be8 41. f4 Qd7 42. Re5 Qc6 43. f5 Qxc2 44. Bxc2 exf5 45. Bxf5 Rxf5 46. Rxf5 Bd7 0-1

[Event "Wuerttemberg-ch Seniors 15th"]
[Site "Ellwangen"]
[Date "2003.04.15"]
[Round "5"]
[White "Ellinger, Hans"]
[Black "Woelbl, Josef"]
[Result "0-1"]
[WhiteElo "1999"]
[BlackElo "1731"]
[PlyCount "118"]
[EventDate "2003.04.??"]
[EventType "swiss"]
[EventRounds "9"]
[EventCountry "GER"]
[SourceTitle "EXT 2006"]
[Source "ChessBase"]
[SourceDate "2005.11.24"]
[SourceVersion "1"]
[SourceVersionDate "2005.11.24"]
[SourceQuality "1"]

1. d4 Nf6 2. Nf3 e6 3. Bg5 d5 4. Nbd2 c5 5. c3 Nc6 6. e3 h6 7. Bh4 Be7 8. Bd3 cxd4 9. exd4 0-0 10. 0-0 Nh5 11. Bxe7 Qxe7 12. Re1 Nf6 13. Ne5 Nd7 14. f4 Ndxe5 15. fxe5 f5 16. exf6 Rxf6 17. Nf3 Bd7 18. Qe2 Raf8 19. b4 a6 20. a4 a5 21. b5 Nd8 22. c4 dxc4 23. Bxc4 Qd6 24. Rad1 b6 25. Kh1 Kh8 26. Qe5 Nf7 27. Qe3 Qb4 28. Bb3 Nd6 29. Bc2 Be8 30. Ne5 Nf5 31. Qd3 Qxd4 32. Qh3 Qh4 33. Bxf5 Qf4 34. Bd3 Qxa4 35. Qg4 Qb3 36. Qc4 Qb2 37. Nf3 Bh5 38. Qe4 Bg6 39. Qe2 Qb4 40. Bxg6 Rxg6 41. h3 Rgf6 42. Qd3 Qf4 43. Ne5 Qg5 44. Ng4 Rg6 45. Qd6 Rf5 46. Rxe6 Rxe6 47. Qxe6 Rxb5 48. Qe8+ Kh7 49. Qe4+ Qf5 50. Qb7 h5 51. Nh2 Rb1 52. Rg1 a4 53. Nf3 Rxg1+ 54. Kxg1 a3 55. Nd2 a2 56. Qa6 Qc2 57. Qf1 Qxd2 58. Qf5+ Kh6 59. Qe6+ g6 0-1

[Event "Lipperland Seniors op 1st"]
[Site "Doerentrup"]
[Date "2002.05.27"]
[Round "4"]
[White "Ellinger, Hans"]
[Black "Perk, Egbert"]
[Result "1/2-1/2"]
[WhiteElo "2020"]
[BlackElo "1875"]
[PlyCount "99"]
[EventDate "2002.05.??"]
[EventType "swiss"]
[EventRounds "9"]
[EventCountry "GER"]
[SourceTitle "EXT 2006"]
[Source "ChessBase"]
[SourceDate "2005.11.24"]
[SourceVersion "1"]
[SourceVersionDate "2005.11.24"]
[SourceQuality "1"]

1. e4 c5 2. Nf3 d6 3. d4 cxd4 4. Qxd4 Nc6 5. Bb5 Bd7 6. Bxc6 Bxc6 7. c4 Nf6 8. Nc3 e6 9. 0-0 Be7 10. Bg5 0-0 11. Rfe1 h6 12. Bh4 Nh5 13. Bxe7 Qxe7 14. Qe3 e5 15. g3 Kh7 16. Nd5 Bxd5 17. cxd5 Rfc8 18. Rac1 Rxc1 19. Rxc1 Qd7 20. Nh4 g6 21. Qc3 Nf6 22. f3 Ne8 23. g4 Qd8 24. Ng2 Qb6+ 25. Kh1 Qf2 26. a4 Rd8 27. b4 Kg8 28. Qd3 Kf8 29. Rc2 Qb6 30. Qc4 a5 31. b5 Rd7 32. Qd3 Rc7 33. h3 Rxc2 34. Qxc2 Qd4 35. Kh2 b6 36. Kg3 Qc5 37. Qf2 g5 38. Ne3 Ng7 39. Qd2 Ke7 40. Kf2 Kd7 41. Qc2 Qxc2+ 42. Nxc2 f6 43. Ne3 Kc7 44. Kg3 Kd7 45. h4 Kc7 46. Nc4 Ne8 47. Ne3 Ng7 48. Nf5 Nxf5+ 49. gxf5 h5 50. Kh3 1/2-1/2

[Event "Wuerttemberg-ch Seniors 14th"]
[Site "Ellwangen"]
[Date "2002.??.??"]
[Round "4"]
[White "Ellinger, Hans"]
[Black "Braeu, Ludwig"]
[Result "1-0"]
[WhiteElo "2020"]
[BlackElo "1855"]
[PlyCount "99"]
[EventDate "2002.03.30"]
[EventType "swiss"]
[EventRounds "9"]
[EventCountry "GER"]
[SourceTitle "EXT 2006"]
[Source "ChessBase"]
[SourceDate "2005.11.24"]
[SourceVersion "1"]
[SourceVersionDate "2005.11.24"]
[SourceQuality "1"]

1. d4 g6 2. e4 Bg7 3. Nc3 d6 4. Be3 c6 5. Nf3 b5 6. h3 Nd7 7. Bd3 Nb6 8. 0-0 Nf6 9. Qe2 b4 10. Nb1 0-0 11. a3 a5 12. Nbd2 Nfd7 13. axb4 axb4 14. Rxa8 Nxa8 15. Ra1 Bb7 16. Nc4 Nab6 17. Na5 Qc7 18. Nxb7 Qxb7 19. c3 bxc3 20. bxc3 Ra8 21. Rb1 Qa7 22. e5 Qa2 23. Qxa2 Rxa2 24. exd6 exd6 25. Bf4 Bf8 26. Be4 d5 27. Bd3 Ra7 28. Ne5 Nxe5 29. Bxe5 Nd7 30. Bf4 f6 31. c4 Kf7 32. cxd5 cxd5 33. Rb5 Ke6 34. Rb1 f5 35. Re1+ Kf7 36. Rb1 Ke6 37. Re1+ Kf7 38. Rb1 Ke6 39. Rc1 Nf6 40. Rc6+ Kf7 41. Ba6 Re7 42. Bc8 Re1+ 43. Kh2 Be7 44. Be5 Rxe5 45. dxe5 Ne4 46. f3 Nc5 47. Kg1 f4 48. Kf1 d4 49. Ke2 d3+ 50. Kd2 1-0